000 00266nam a2200097Ia 4500
008 220120s9999||||xx |||||||||||||| ||und||
100 _aAmbika, N. S
_912114
245 0 _aNET CAM
260 _aCoorg Institute of Technology
_bPonnampet
_c2002
650 _aCOMPUTER SCIENCE
999 _c137699
_d137699